000
00250nam a22001217a 4500
041
_a
ENG
100
_a
Pagdi.S.M
245
_a
Jeevansetu
260
_a
Pune
_b
Contenate Prakashan
_c
2000
300
_a
532
650
_a
Marathi
856
_u
Marathi ( 33 )
999
_c
2228
_d
2228